000
00314nam a22001457a 4500
008
210312b ||||| |||| 00| 0 eng d
020
_a
9780757577093
041
_a
eng
080
_2
6th
_a
7
082
_2
6th
_a
7
100
_a
44
101
_a
ART
245
_a
Learning about Dance
_c
Falb,C.M
942
_2
udc
_c
BK
999
_c
56553
_d
56553